[Event "XIII Weekend B"]
[Site "Porto Sant'Elpidio ITA"]
[Date "2010.11.27"]
[Round "5"]
[White "Piergentili, Roberto"]
[Black "Coccagna, Marcello"]
[Result "1-0"]
[WhiteElo "1791"]
[BlackElo "1487"]
[PlyCount "88"]
[EventDate "2010.11.20"]

1. d4 d5 2. c4 Nf6 3. cxd5 Qxd5 4. Nc3 Qa5 5. Qb3 e6 6. Bf4 Bd6 7. Bxd6 cxd6 8.
Qb5+ Nc6 9. Qxa5 Nxa5 10. e3 a6 11. Be2 Nc6 12. Nf3 b5 13. Nd2 Bb7 14. Bf3 d5
15. Nb3 Nb4 16. O-O O-O 17. Nc5 Rab8 18. a3 Nc6 19. b4 a5 20. Nxb5 axb4 21.
axb4 Nxb4 22. Rfb1 Nc6 23. Nd6 Ba8 24. Nb5 Rb6 25. Be2 Rfb8 26. Rc1 Kf8 27. Nc7
Bb7 28. Nxb7 R8xb7 29. Ra8+ Ke7 30. Ra6 Rb1 31. Raxc6 Ne4 32. f3 Nd2 33. Rxb1
Rxb1+ 34. Kf2 Rb2 35. Na6 g5 36. Nc5 h5 37. Nd3 Rb8 38. Rc2 Nc4 39. Nc5 Na3 40.
Ra2 Nb1 41. Bd3 Nc3 42. Rc2 Nb1 43. Ra2 Nc3 44. Ra7+ Kf6 1-0

[Event "XIII Weekend B"]
[Site "Porto Sant'Elpidio ITA"]
[Date "2010.11.27"]
[Round "5"]
[White "Silvestri, Giorgio"]
[Black "Ramini, Luigi"]
[Result "0-1"]
[WhiteElo "1780"]
[BlackElo "1714"]
[PlyCount "72"]
[EventDate "2010.11.20"]

1. d4 d5 2. c4 e6 3. Nf3 Nf6 4. e3 c6 5. Be2 Bd6 6. O-O O-O 7. a3 b6 8. b4 Nbd7
9. Bb2 Bb7 10. c5 Bc7 11. Qc2 Re8 12. Nbd2 e5 13. dxe5 Nxe5 14. Nxe5 Bxe5 15.
Bxe5 Rxe5 16. Nf3 Re7 17. Nd4 Rc8 18. Nf5 Rec7 19. Rfd1 Ne8 20. Rd4 g6 21. Nh6+
Kg7 22. Ng4 f5 23. Ne5 Qe7 24. Nf3 Nf6 25. Rad1 Ne4 26. cxb6 axb6 27. Qb2 Qf6
28. Qb3 c5 29. bxc5 bxc5 30. Rxe4 fxe4 31. Nd2 c4 32. Qa2 c3 33. Nb3 c2 34. Rc1
Qc3 35. Kf1 Rf7 36. Nd4 Qxe3 0-1

[Event "XIII Weekend B"]
[Site "Porto Sant'Elpidio ITA"]
[Date "2010.11.28"]
[Round "6"]
[White "Basso, Fabrizio"]
[Black "Marinucci, Johnny"]
[Result "1-0"]
[WhiteElo "1730"]
[BlackElo "1762"]
[PlyCount "70"]
[EventDate "2010.11.20"]

1. e4 Nf6 2. Nc3 d5 3. exd5 Nxd5 4. Bc4 e6 5. Qf3 c6 6. d3 Nxc3 7. bxc3 Qa5 8.
Ne2 Be7 9. Rb1 Nd7 10. Qg3 Bf6 11. Bd2 O-O 12. d4 Nb6 13. Bb3 Qf5 14. O-O e5
15. f4 e4 16. c4 Be6 17. c5 Nc4 18. Be3 b5 19. Qf2 Bd5 20. h3 Qh5 21. Kh2 Rab8
22. g4 Qh4 23. Ng3 Rfe8 24. Qe2 g6 25. Bf2 Bh8 26. Be3 Qe7 27. f5 a5 28. a4 Qd7
29. Rf2 Nxe3 30. Qxe3 bxa4 31. Bxd5 Rxb1 32. fxg6 hxg6 33. Bxf7+ Kg7 34. Qg5 e3
35. Qf6+ Kf8 1-0

[Event "XIII Weekend B"]
[Site "Porto Sant'Elpidio ITA"]
[Date "2010.11.28"]
[Round "6"]
[White "Bonoli, Luciano"]
[Black "Morelli, Basilio"]
[Result "1/2-1/2"]
[WhiteElo "1774"]
[BlackElo "1466"]
[PlyCount "51"]
[EventDate "2010.11.20"]

1. g3 d5 2. Bg2 e6 3. Nf3 Nf6 4. O-O c5 5. c3 Nc6 6. d4 a6 7. Bg5 h6 8. Bxf6
Qxf6 9. Re1 Bd6 10. dxc5 Bxc5 11. e3 O-O 12. Nbd2 Bd7 13. Nd4 Rad8 14. N2f3 Ba7
15. Qc2 e5 16. Nxc6 bxc6 17. c4 Bf5 18. Qc3 d4 19. exd4 exd4 20. Qd2 c5 21. Ne5
Bb8 22. Nc6 Rde8 23. Nxb8 Rxb8 24. b3 Rfe8 25. Bf1 Rxe1 26. Rxe1 1/2-1/2

[Event "XIII Weekend B"]
[Site "Porto Sant'Elpidio ITA"]
[Date "2010.11.28"]
[Round "6"]
[White "Coccagna, Marcello"]
[Black "Ibershimi, Lindita"]
[Result "1/2-1/2"]
[WhiteElo "1487"]
[BlackElo "1560"]
[PlyCount "120"]
[EventDate "2010.11.20"]

1. e4 c5 2. Nf3 d6 3. Nc3 Nc6 4. Nd5 e6 5. Ne3 Nf6 6. d3 g6 7. c3 Bg7 8. a4 O-O
9. Nc4 d5 10. exd5 exd5 11. Nce5 Qe7 12. d4 Ng4 13. Be2 Ngxe5 14. dxe5 Nxe5 15.
O-O Be6 16. Bf4 Nxf3+ 17. Bxf3 Rad8 18. Re1 Qd7 19. Qd2 b6 20. Bg5 Rc8 21. Re3
d4 22. cxd4 cxd4 23. Re4 Bf5 24. Rh4 f6 25. Bh6 g5 26. Bxg7 Kxg7 27. Rxd4 Qf7
28. g4 Be6 29. Rd1 Kh8 30. Rd6 Rc4 31. h3 Rxa4 32. Re1 Rf4 33. Bc6 Bxg4 34.
hxg4 Rxg4+ 35. Kf1 Qc4+ 36. Re2 Rh4 37. Rd8 Rxd8 38. Qxd8+ Kg7 39. Qd7+ Kg6 40.
Bb5 Qc1+ 41. Re1 Rh1+ 42. Kg2 Qxe1 43. Bd3+ Kh5 44. Qxh7+ Kg4 45. Qxh1 Qxh1+
46. Kxh1 Kf3 47. Kg1 g4 48. Bf1 f5 49. Bg2+ Ke2 50. Bd5 f4 51. Be6 g3 52. fxg3
fxg3 53. Kg2 a5 54. Kxg3 b5 55. b3 Kd3 56. Bd7 b4 57. Be6 Kc3 58. Kf4 Kd4 59.
Kf3 Kc3 60. Ke2 Kb2 1/2-1/2

[Event "XIII Weekend B"]
[Site "Porto Sant'Elpidio ITA"]
[Date "2010.11.28"]
[Round "6"]
[White "Marchetti, Michael"]
[Black "Faini, Ivano"]
[Result "1/2-1/2"]
[WhiteElo "1618"]
[BlackElo "1674"]
[PlyCount "118"]
[EventDate "2010.11.20"]

1. Nf3 Nf6 2. d4 g6 3. Nc3 Bg7 4. e4 d6 5. Bf4 O-O 6. Qd2 a6 7. Be2 c6 8. Bh6
b5 9. Bxg7 Kxg7 10. Qf4 Nbd7 11. g4 Qa5 12. h4 b4 13. Nd1 Bb7 14. h5 Rh8 15.
h6+ Kf8 16. Bc4 d5 17. e5 dxc4 18. exf6 Nxf6 19. Ne5 Qd5 20. Rh3 Qe4+ 21. Qxe4
Nxe4 22. Nxc4 f6 23. Re3 c5 24. dxc5 Nxc5 25. c3 a5 26. f4 Kf7 27. Nf2 Rhd8 28.
Rd1 Rxd1+ 29. Kxd1 Rd8+ 30. Ke2 bxc3 31. Rxc3 Ba6 32. Ke3 Nb7 33. Nb6 Nd6 34.
Ne4 Nb5 35. Rc2 Bb7 36. Rd2 Rxd2 37. Nxd2 e5 38. Ndc4 exf4+ 39. Kxf4 g5+ 40.
Ke3 Kg6 41. Nxa5 Ba6 42. Nac4 Kxh6 43. Nd2 Kg6 44. Kf3 Nc7 45. Nd7 Bc8 46. Nc5
f5 47. gxf5+ Kxf5 48. Kg3 h5 49. Nf3 h4+ 50. Nxh4+ gxh4+ 51. Kxh4 Ke5 52. Kg3
Kd4 53. Nb3+ Kd3 54. Nc5+ Kc2 55. b4 Kb2 56. a4 Kc3 57. b5 Kc4 58. b6 Kxc5 59.
bxc7 Kc6 1/2-1/2

[Event "XIII Weekend B"]
[Site "Porto Sant'Elpidio ITA"]
[Date "2010.11.28"]
[Round "6"]
[White "Paja, Vega"]
[Black "Fornelli, Marco"]
[Result "1-0"]
[WhiteElo "1488"]
[BlackElo "1648"]
[PlyCount "83"]
[EventDate "2010.11.20"]

1. e4 c5 2. Nf3 d6 3. d4 cxd4 4. Nxd4 Nf6 5. Nc3 a6 6. Be2 g6 7. Be3 Bg7 8. O-O
Nc6 9. f3 O-O 10. Nxc6 bxc6 11. Rb1 Re8 12. Bc4 e6 13. Bf2 d5 14. exd5 cxd5 15.
Bb3 Bd7 16. Ne2 Bc6 17. Nd4 Bb7 18. f4 Ne4 19. Be3 Rc8 20. c3 Bh6 21. Qe2 a5
22. Bc2 Nc5 23. Rf3 Ba6 24. Qf2 Ne4 25. Bxe4 dxe4 26. Rh3 Bg7 27. Rd1 Bd3 28.
Ne2 Qd5 29. a3 Qb5 30. Rd2 Red8 31. Bd4 f6 32. Nc1 Bc4 33. Qh4 e5 34. Qxh7+ Kf8
35. fxe5 fxe5 36. Rf2+ Bf7 37. Qxg6 Rc7 38. Rh7 exd4 39. Qxg7+ Ke8 40. Rh8+ Kd7
41. Rxf7+ Kd6 42. Rxd8+ 1-0

[Event "XIII Weekend B"]
[Site "Porto Sant'Elpidio ITA"]
[Date "2010.11.28"]
[Round "6"]
[White "Ramini, Luigi"]
[Black "Mircoli, Filippo"]
[Result "1/2-1/2"]
[WhiteElo "1714"]
[BlackElo "1737"]
[PlyCount "25"]
[EventDate "2010.11.20"]

1. d4 e6 2. Nf3 Nf6 3. c3 d5 4. Bf4 Bd6 5. Bg3 O-O 6. e3 c5 7. Bd3 Nc6 8. Nbd2
b6 9. Bxd6 Qxd6 10. O-O Bb7 11. Re1 Ne7 12. e4 dxe4 13. Nxe4 1/2-1/2

[Event "XIII Weekend B"]
[Site "Porto Sant'Elpidio ITA"]
[Date "2010.11.28"]
[Round "6"]
[White "Silvestri, Giorgio"]
[Black "Iaconi, Andrea"]
[Result "1/2-1/2"]
[WhiteElo "1780"]
[BlackElo "1839"]
[PlyCount "128"]
[EventDate "2010.11.20"]

1. d4 Nf6 2. c4 g6 3. Nc3 d5 4. e3 Bg7 5. Nf3 O-O 6. cxd5 Nxd5 7. Be2 c5 8. O-O
cxd4 9. exd4 Nxc3 10. bxc3 Nc6 11. Bb2 Bf5 12. Nh4 Bd7 13. Nf3 Bf5 14. Qd2 Rc8
15. Rfd1 Na5 16. Qe3 Nc4 17. Bxc4 Rxc4 18. h3 b6 19. Ne5 Bxe5 20. Qxe5 Qc7 21.
Qe2 Bc8 22. Re1 e6 23. Qe3 Bb7 24. Qh6 Qc6 25. f3 Qd7 26. Re5 Bd5 27. h4 f6 28.
Re2 Qg7 29. Qe3 Qc7 30. Kf2 b5 31. g3 Qb7 32. Ba3 Rfc8 33. Bc5 Ra4 34. a3 Qc7
35. Rb1 h5 36. Qd3 Bc4 37. Qxg6+ Qg7 38. Qxg7+ Kxg7 39. Re3 f5 40. Rg1 Kf7 41.
Rb1 Rg8 42. Re5 Kf6 43. Rg1 Bd5 44. Ke3 Rc4 45. Bb4 Rc7 46. Kf4 Rcg7 47. Bd6
Rd7 48. Bc5 Rdg7 49. Re2 a6 50. Rb2 Kf7 51. Rb4 Ke8 52. a4 Bc4 53. axb5 axb5
54. Rbb1 Kf7 55. Ra1 Kg6 56. Ra7 Rxa7 57. Bxa7 Ra8 58. Ra1 Bd5 59. Ra5 Bc4 60.
Ke5 Rd8 61. Bc5 Rd5+ 62. Kf4 Rd8 63. Ra7 Bd5 64. Ra5 Bc4 1/2-1/2

[Event "XIII Weekend B"]
[Site "Porto Sant'Elpidio ITA"]
[Date "2010.11.28"]
[Round "6"]
[White "Spano' Cuomo, Gaetano"]
[Black "Piergentili, Roberto"]
[Result "1-0"]
[WhiteElo "1784"]
[BlackElo "1791"]
[PlyCount "77"]
[EventDate "2010.11.20"]

1. e4 c5 2. c4 d6 3. d3 Nf6 4. Nc3 Nc6 5. Nf3 Bg4 6. Be2 e6 7. Be3 Be7 8. Nd2
Bxe2 9. Qxe2 Nd4 10. Bxd4 cxd4 11. Nb5 e5 12. f4 g6 13. Na3 Nd7 14. O-O Qb6 15.
Rab1 Nc5 16. Nc2 Rc8 17. Nf3 Qc7 18. fxe5 dxe5 19. Nb4 Ne6 20. Nd5 Qd6 21. b4
Nc7 22. c5 Qe6 23. Nxc7+ Rxc7 24. Rb2 O-O 25. Nd2 a5 26. bxa5 Bxc5 27. Nc4 Qe7
28. Rb5 Rfc8 29. a4 Ba7 30. Rxe5 Qb4 31. Qa2 h6 32. Rb5 Qe7 33. Ne5 Rc1 34. Qb2
R8c2 35. Qxc1 Rxc1 36. Rxc1 Qg5 37. Rc8+ Kh7 38. Rh8+ Kxh8 39. Nxf7+ 1-0

[Event "XIII Weekend U16"]
[Site "Porto Sant'Elpidio ITA"]
[Date "2010.11.20"]
[Round "1"]
[White "Cavalieri, Simone"]
[Black "Agostinelli, Matteo"]
[Result "1/2-1/2"]
[WhiteElo "1395"]
[BlackElo "1449"]
[PlyCount "74"]
[EventDate "2010.11.20"]

1. d4 d5 2. Bf4 Nc6 3. Nf3 Bf5 4. c3 e6 5. e3 Bd6 6. Bg3 a6 7. Nbd2 Nf6 8. Be2
Nh5 9. Bxd6 cxd6 10. Qb3 Rb8 11. h3 Bg6 12. Qa4 Qa5 13. Qxa5 Nxa5 14. Nh4 b5
15. Nxg6 fxg6 16. O-O e5 17. Rfe1 e4 18. Rf1 O-O 19. Bd1 Nc4 20. Nxc4 dxc4 21.
Bc2 d5 22. b3 g5 23. Kh2 Rb6 24. Rab1 Rg6 25. Bd1 Nf6 26. f3 Nd7 27. Be2 Nf6
28. fxe4 Nxe4 29. Rxf8+ Kxf8 30. Rc1 Rf6 31. Bf3 Ke7 32. Bxe4 dxe4 33. bxc4
bxc4 34. Kg1 Rb6 35. Rc2 g6 36. Kf2 h5 37. Kg3 Rb5 1/2-1/2

[Event "XIII Weekend U16"]
[Site "Porto Sant'Elpidio ITA"]
[Date "2010.11.20"]
[Round "2"]
[White "Copponi, Alice"]
[Black "Renzetti, Leonardo"]
[Result "0-1"]
[WhiteElo "1311"]
[BlackElo "1548"]
[PlyCount "134"]
[EventDate "2010.11.20"]

1. d4 Nf6 2. Nc3 g6 3. e4 d6 4. Nf3 Bg7 5. Bg5 O-O 6. Bc4 Nc6 7. O-O e5 8. d5
Na5 9. b3 Nxc4 10. bxc4 a6 11. Qd2 Bd7 12. Bh6 Bxh6 13. Qxh6 Ng4 14. Qg5 Qxg5
15. Nxg5 h6 16. Nf3 f5 17. h3 fxe4 18. Nxe4 Bf5 19. Rae1 Nf6 20. Nxf6+ Rxf6 21.
Rc1 Bxh3 22. gxh3 Rxf3 23. Kg2 Rc3 24. Kh2 Rxc4 25. Rg1 Kg7 26. Rg3 Rd4 27.
Rcg1 g5 28. a3 Rxd5 29. h4 Rf8 30. hxg5 Rxf2+ 31. Kh3 h5 32. Kh4 Kg6 33. Kh3
Rdd2 34. Rh1 Rxc2 35. Kh4 Rh2+ 36. Rh3 Rc4+ 37. Kg3 Rxh1 38. Rxh1 Rg4+ 39. Kf3
Kxg5 40. Rc1 e4+ 41. Ke3 c5 42. a4 Kf5 43. Rf1+ Ke5 44. Rh1 h4 45. Kf2 d5 46.
Rc1 e3+ 47. Kxe3 Rxa4 48. Kf2 Rc4 49. Rb1 b5 50. Ra1 Ra4 51. Rc1 Kd6 52. Rg1
Rf4+ 53. Ke3 Re4+ 54. Kf2 a5 55. Ra1 a4 56. Rb1 b4 57. Ra1 a3 58. Kg2 c4 59.
Rb1 b3 60. Ra1 b2 61. Rd1 a2 62. Kh3 b1=Q 63. Rxb1 axb1=Q 64. Kg2 Re3 65. Kf2
Qc1 66. Kg2 Qd2+ 67. Kf1 Re1# 0-1

[Event "XIII Weekend U16"]
[Site "Porto Sant'Elpidio ITA"]
[Date "2010.11.20"]
[Round "2"]
[White "Cristicchia, Matteo"]
[Black "Cavalieri, Simone"]
[Result "1-0"]
[WhiteElo "1509"]
[BlackElo "1395"]
[PlyCount "59"]
[EventDate "2010.11.20"]

1. e4 e5 2. Nf3 d6 3. d4 f6 4. Bc4 Nc6 5. c3 Nge7 6. Qb3 Qd7 7. Bf7+ Kd8 8. d5
Na5 9. Qb4 b6 10. Be6 Qe8 11. Bxc8 Kxc8 12. O-O Qd7 13. a4 Ng6 14. Qa3 c5 15.
b4 Nb7 16. Be3 Qg4 17. bxc5 dxc5 18. Nfd2 Nf4 19. Bxf4 Qxf4 20. f3 Na5 21. Qb2
Kb7 22. Na3 Rc8 23. Nac4 Nxc4 24. Nxc4 Ka8 25. Qb5 Rd8 26. Rab1 Bd6 27. Nxb6+
axb6 28. Qc6+ Kb8 29. Rxb6+ Ka7 30. Qb7# 1-0

[Event "XIII Weekend U16"]
[Site "Porto Sant'Elpidio ITA"]
[Date "2010.11.21"]
[Round "3"]
[White "Cavalieri, Simone"]
[Black "Copponi, Alice"]
[Result "0-1"]
[WhiteElo "1395"]
[BlackElo "1311"]
[PlyCount "90"]
[EventDate "2010.11.20"]

1. d4 Nf6 2. Bf4 g6 3. Nf3 Bg7 4. e3 O-O 5. h3 Nc6 6. Nbd2 d6 7. c3 Be6 8. Bd3
Qd7 9. O-O Nd5 10. Bh2 Bf5 11. Bc4 Be6 12. Bb3 Na5 13. Ba4 b5 14. Bc2 Nb6 15.
Qe2 Nac4 16. Nxc4 Nxc4 17. Rab1 Bd5 18. Bd1 Bxf3 19. gxf3 Qxh3 20. f4 a6 21.
Bb3 Nb6 22. Bd1 Nc4 23. Qd3 e6 24. b3 Nb6 25. Be2 c6 26. Qd1 Nd5 27. Rc1 Bf6
28. Bg4 Qh6 29. Bf3 Bh4 30. Qe2 Rac8 31. c4 Nf6 32. Rc2 d5 33. Rfc1 Ne4 34.
Bxe4 dxe4 35. cxb5 axb5 36. Rxc6 Rb8 37. Bg3 Rb7 38. R1c5 Rfb8 39. Rc8+ Rxc8
40. Rxc8+ Kg7 41. Rc5 Rb8 42. Rxb5 Rc8 43. Qg4 Rc1+ 44. Kg2 Bxg3 45. Kxg3 Rg1#
0-1

[Event "XIII Weekend U16"]
[Site "Porto Sant'Elpidio ITA"]
[Date "2010.11.27"]
[Round "4"]
[White "Agostinelli, Matteo"]
[Black "Morelli, Anita"]
[Result "1-0"]
[WhiteElo "1449"]
[BlackElo "1368"]
[PlyCount "71"]
[EventDate "2010.11.20"]

1. e4 e5 2. Nf3 Nc6 3. Bc4 Nf6 4. Ng5 d5 5. exd5 Nxd5 6. Nxf7 Kxf7 7. Qf3+ Ke6
8. Nc3 Nce7 9. O-O c6 10. Re1 g6 11. d4 Bg7 12. dxe5 Rf8 13. Qh3+ Kf7 14. e6+
Ke8 15. Nxd5 cxd5 16. Bb5+ Nc6 17. Qxh7 Qb6 18. Qxg6+ Kd8 19. Bg5+ Bf6 20.
Bxf6+ Rxf6 21. Qxf6+ Kc7 22. Qf4+ Kd8 23. Qd6+ Ke8 24. e7 Bf5 25. Qf6 Rb8 26.
Qxf5 Qxb5 27. Qf8+ Kd7 28. e8=Q+ Rxe8 29. Qxe8+ Kc7 30. b3 a6 31. a4 Qa5 32.
Qf7+ Kb6 33. Rad1 Nb4 34. Re7 Kc6 35. Qe6+ Kc5 36. c3 1-0

[Event "XIII Weekend U16"]
[Site "Porto Sant'Elpidio ITA"]
[Date "2010.11.27"]
[Round "4"]
[White "Cristicchia, Matteo"]
[Black "Renzetti, Leonardo"]
[Result "1/2-1/2"]
[WhiteElo "1509"]
[BlackElo "1548"]
[PlyCount "131"]
[EventDate "2010.11.20"]

1. e4 e6 2. d4 d5 3. exd5 exd5 4. Nf3 Be6 5. Be2 Bd6 6. O-O Nf6 7. Nc3 c6 8.
Bg5 Nbd7 9. Qd2 Qc7 10. Bxf6 Nxf6 11. Qg5 O-O 12. Ne5 Ne4 13. Nxe4 dxe4 14. Qh5
Bxe5 15. Qxe5 Qxe5 16. dxe5 Rad8 17. Rfd1 Rd5 18. Rxd5 Bxd5 19. c4 Be6 20. Rd1
Re8 21. Rd4 Bf5 22. g4 Bg6 23. h4 h5 24. gxh5 Bf5 25. f4 exf3 26. Bxf3 Rxe5 27.
Rd8+ Kh7 28. Rb8 Re7 29. Ra8 a6 30. Ra7 Rc7 31. Kg2 Bb1 32. a3 Bd3 33. b3 Bc2
34. b4 Bd3 35. c5 Bb5 36. Ra8 Re7 37. Rb8 f5 38. Rf8 Re3 39. Rxf5 Rxa3 40. Rf8
Re3 41. Kf2 Re7 42. Bg4 Bd3 43. Rf3 Be2 44. Bf5+ Kh6 45. Re3 Rf7 46. Kxe2 Rxf5
47. Re7 Rxh5 48. Rxb7 Rxh4 49. Rb6 g6 50. Rxc6 Rxb4 51. Rxa6 Rc4 52. Ra5 g5 53.
Kd3 Rc1 54. Kd4 g4 55. Ra2 Kg5 56. Kd5 g3 57. c6 Kh4 58. Ra4+ Kh3 59. Rc4 Rd1+
60. Ke5 Re1+ 61. Kd6 g2 62. c7 Re8 63. Rc1 Kh2 64. Kd7 Rg8 65. c8=Q Rxc8 66.
Kxc8 1/2-1/2

[Event "XIII Weekend U16"]
[Site "Porto Sant'Elpidio ITA"]
[Date "2010.11.27"]
[Round "5"]
[White "Cavalieri, Simone"]
[Black "Morelli, Anita"]
[Result "1/2-1/2"]
[WhiteElo "1395"]
[BlackElo "1368"]
[PlyCount "101"]
[EventDate "2010.11.20"]

1. d4 Nf6 2. Bf4 d5 3. Nf3 c5 4. c3 Nc6 5. e3 Qb6 6. Qc2 Bf5 7. Qc1 cxd4 8.
exd4 h6 9. h3 Rc8 10. Nbd2 Nb4 11. Be2 Nc2+ 12. Kf1 Nxa1 13. Qxa1 Be4 14. Ne5
e6 15. Nxe4 Nxe4 16. Ke1 f6 17. Bh5+ g6 18. Bxg6+ Ke7 19. Nf7 Rg8 20. Bxe4 Kxf7
21. Bf3 Bg7 22. Kd2 Rcd8 23. Re1 Rgf8 24. Qb1 Kg8 25. Bg4 Rfe8 26. Kc1 e5 27.
Bh5 Re7 28. Qg6 Kh8 29. Bg3 Rf8 30. Qf5 Qe6 31. Qxe6 Rxe6 32. Bf3 e4 33. Bg4 f5
34. Bh5 Ra8 35. Bf7 Rb6 36. Bxd5 Rf8 37. Bc7 Rg6 38. g3 Rc8 39. Bf4 b6 40. Bf7
Rf6 41. Bd5 Rd8 42. Bc4 Rd7 43. Be5 Rf8 44. Bf4 Rf6 45. Be5 Rf8 46. Bb5 Rdd8
47. Bf4 Kh7 48. Bc7 Rc8 49. Bd6 Rf7 50. Bf4 Bf6 51. h4 1/2-1/2

[Event "XIII Weekend U16"]
[Site "Porto Sant'Elpidio ITA"]
[Date "2010.11.27"]
[Round "5"]
[White "Renzetti, Leonardo"]
[Black "Agostinelli, Matteo"]
[Result "0-1"]
[WhiteElo "1548"]
[BlackElo "1449"]
[PlyCount "60"]
[EventDate "2010.11.20"]

1. d4 d5 2. Nf3 c6 3. Bf4 Nf6 4. e3 e6 5. Bd3 Bd6 6. Ne5 Nbd7 7. Nxf7 Qa5+ 8.
c3 Bxf4 9. Nxh8 Bd6 10. Qc2 Nf8 11. Nd2 Bd7 12. Nf3 Qc7 13. g3 Be7 14. Ng5
O-O-O 15. Nxh7 N8xh7 16. Bxh7 Rxh8 17. Bd3 Ng4 18. O-O-O e5 19. Bf5 e4 20.
Bxd7+ Qxd7 21. h3 Nf6 22. h4 Ng4 23. Rdf1 Qe8 24. Qe2 Qg6 25. f3 Nf6 26. Rhg1
exf3 27. Rxf3 Ne4 28. Qh2 Bd6 29. Qh3+ Kb8 30. g4 Ng5 0-1

[Event "XIII Weekend U16"]
[Site "Porto Sant'Elpidio ITA"]
[Date "2010.11.28"]
[Round "6"]
[White "Agostinelli, Matteo"]
[Black "Copponi, Alice"]
[Result "1/2-1/2"]
[WhiteElo "1449"]
[BlackElo "1311"]
[PlyCount "48"]
[EventDate "2010.11.20"]

1. e4 d5 2. exd5 Qxd5 3. Nc3 Qd6 4. Nf3 Bg4 5. d3 Nc6 6. h3 Bh5 7. g4 Bg6 8.
Be3 e5 9. Qd2 Nb4 10. a3 Nd5 11. Nxd5 Qxd5 12. Bg2 Bc5 13. Nh4 Bxe3 14. Qxe3
Qb5 15. Nxg6 hxg6 16. O-O-O Ne7 17. Rde1 f6 18. f4 Nd5 19. Qe4 Nxf4 20. Qxb7
Qxb7 21. Bxb7 Rb8 22. Bc6+ Ke7 23. Be4 g5 24. c3 Nxh3 1/2-1/2

[Event "XIII Weekend U16"]
[Site "Porto Sant'Elpidio ITA"]
[Date "2010.11.28"]
[Round "6"]
[White "Morelli, Anita"]
[Black "Renzetti, Leonardo"]
[Result "1-0"]
[WhiteElo "1368"]
[BlackElo "1548"]
[PlyCount "109"]
[EventDate "2010.11.20"]

1. d4 Nf6 2. c4 g6 3. Nc3 Bg7 4. e4 d6 5. f3 O-O 6. Be3 Nc6 7. Nge2 e5 8. a3
Ne8 9. b4 f5 10. d5 Ne7 11. Nc1 f4 12. Bf2 Nf6 13. Be2 c6 14. Nb3 Qc7 15. Rc1
Bd7 16. O-O b6 17. c5 cxd5 18. exd5 Bf5 19. Bc4 Rfd8 20. Nb5 Qb8 21. cxd6 Nc8
22. d7 Nd6 23. Nxd6 Qxd6 24. Bb5 Bxd7 25. Bc6 Bxc6 26. dxc6 Rac8 27. Qxd6 Rxd6
28. b5 Kf7 29. Rfd1 Nd5 30. Bh4 Ke6 31. g3 Bh6 32. g4 Ne3 33. Rxd6+ Kxd6 34.
Bf2 Nd5 35. h4 Ke6 36. Kf1 Bf8 37. a4 Bd6 38. a5 Ra8 39. a6 Rc8 40. Nd2 Nc7 41.
Rb1 Rd8 42. Nc4 Nd5 43. Nxd6 Kxd6 44. Rd1 Kc7 45. Ke1 Nc3 46. Rxd8 Kxd8 47.
Bxb6+ Kc8 48. Bxa7 Nxb5 49. Bb6 Kb8 50. Kd2 Nc7 51. Bxc7+ Ka7 52. Bd8 Kxa6 53.
c7 Kb7 54. Kc3 Kc8 55. Kd3 1-0

[Event "IV Weekend A"]
[Site "Recco ITA"]
[Date "2010.11.26"]
[Round "1"]
[White "Almonti, Alessandro"]
[Black "Roversi, Stefano"]
[Result "1-0"]
[WhiteElo "2033"]
[BlackElo "1873"]
[PlyCount "76"]
[EventDate "2010.11.26"]

1. c4 Nf6 2. g3 g6 3. Bg2 Bg7 4. Nc3 c6 5. e4 d6 6. Nge2 Bg4 7. d3 Qc8 8. h3
Bd7 9. Bg5 Na6 10. Qd2 h6 11. Be3 Nc7 12. Rc1 Ne6 13. f4 b6 14. b4 a5 15. b5
Rb8 16. bxc6 Bxc6 17. Nd5 Nc5 18. Nec3 Bxd5 19. cxd5 Qa6 20. Bf1 Qb7 21. Nb5
Qd7 22. Rb1 O-O 23. Bg2 e6 24. dxe6 fxe6 25. O-O d5 26. e5 Ne8 27. Rfc1 g5 28.
Kh2 gxf4 29. gxf4 Qf7 30. Rg1 Qf5 31. Nd4 Qxd3 32. Qxd3 Nxd3 33. Nxe6 Rf7 34.
Nxg7 Rxg7 35. Bxd5+ Kh8 36. Be4 Nb4 37. a3 Na2 38. Rxg7 Nxg7 1-0

[Event "IV Weekend A"]
[Site "Recco ITA"]
[Date "2010.11.26"]
[Round "1"]
[White "Caputi, Giuliano"]
[Black "Grinza, Andrea"]
[Result "0-1"]
[WhiteElo "1925"]
[BlackElo "2207"]
[PlyCount "174"]
[EventDate "2010.11.26"]

1. e4 c6 2. d4 d5 3. e5 Bf5 4. Nf3 e6 5. Be2 Nd7 6. Nbd2 Ne7 7. O-O h6 8. b4
Ng6 9. a3 Nf4 10. c4 Nxe2+ 11. Qxe2 dxc4 12. Nxc4 Nb6 13. Ne3 Bh7 14. Bb2 Be7
15. Nd2 Nd5 16. f4 Nxe3 17. Qxe3 Qd5 18. Qf3 Rd8 19. Qxd5 Rxd5 20. Nb3 O-O 21.
Rac1 Rfd8 22. Rf3 Rb8 23. g3 Rdd8 24. h4 h5 25. Re3 Bf5 26. Kf2 Re8 27. Na5 Bd8
28. Nb3 Bb6 29. Nc5 Red8 30. Rc4 Bb1 31. Rc1 Ba2 32. a4 Bd5 33. a5 Bc7 34. Ra1
Bc4 35. Ne4 Bd5 36. Nc5 Bc4 37. Ne4 Bb5 38. Rea3 Kh7 39. Ke3 Bc4 40. Kf2 Kg6
41. Rc1 Bb5 42. Re1 Kf5 43. Kf3 Bc4 44. Kf2 Bd5 45. Nc5 Rdc8 46. Rea1 Bd8 47.
Nd7 Ra8 48. Nc5 Be7 49. Bc3 Rc7 50. Re1 Rd8 51. Na4 Bc4 52. Kf3 Rd5 53. Nb2 Bb5
54. Nd1 Kg6 55. Ne3 Rd8 56. Ra2 Rcd7 57. Rg1 b6 58. axb6 axb6 59. Rga1 c5 60.
bxc5 bxc5 61. Ba5 Rb8 62. f5+ exf5 63. d5 Bd3 64. d6 Be4+ 65. Kf4 Rxd6 66. Bc7
Rd4 67. Ra4 Rbb4 68. Rxb4 cxb4 69. Bb6 Rd3 70. Rd1 b3 71. Rxd3 Bxd3 72. Bd4 Be2
73. Bb2 Bd3 74. Nd5 Bc5 75. Ne3 Be4 76. Nc4 Kh7 77. Nd6 Kg8 78. Nxf5 Bxf5 79.
Kxf5 g6+ 80. Kf4 Kf8 81. g4 hxg4 82. Kxg4 Ke7 83. h5 gxh5+ 84. Kxh5 Ke6 85. Kg4
Kd5 86. Kf3 Bd4 87. Ba3 Bxe5 0-1

[Event "IV Weekend A"]
[Site "Recco ITA"]
[Date "2010.11.26"]
[Round "1"]
[White "De Florio, Federico"]
[Black "Lupini, Stefano"]
[Result "1-0"]
[WhiteElo "2200"]
[BlackElo "1924"]
[PlyCount "102"]
[EventDate "2010.11.26"]

1. d4 Nf6 2. Nf3 e6 3. e3 b6 4. Bd3 Bb7 5. Nbd2 c5 6. O-O Nc6 7. b3 cxd4 8.
exd4 d6 9. Bb2 Be7 10. a3 O-O 11. Re1 Rc8 12. Rc1 Rc7 13. c4 Nb8 14. b4 Nbd7
15. Bb1 Re8 16. Qb3 Qa8 17. Qd3 Nf8 18. Ba2 Rec8 19. Rcd1 a5 20. Bb3 Ng6 21. g3
Nf8 22. Re2 Rd8 23. Rde1 Rdd7 24. Ba4 Bc6 25. Bxc6 Qxc6 26. b5 Qa8 27. a4 d5
28. Ne5 dxc4 29. Ndxc4 Rxc4 30. Qxc4 Rd5 31. Qc7 Ne8 32. Qc6 Qd8 33. Nd7 Rxd7
34. Rc2 Bf6 35. Qc8 Bxd4 36. Qxd8 Rxd8 37. Rd2 e5 38. Kg2 Ne6 39. Red1 f6 40.
f4 g6 41. fxe5 fxe5 42. Rc2 Nc5 43. Rc4 Rd7 44. Bxd4 exd4 45. Rcxd4 Rxd4 46.
Rxd4 Kf7 47. Kf2 Kf6 48. h4 Ke5 49. Ke3 h6 50. Rg4 Kf5 51. Re4 h5 1-0

[Event "IV Weekend A"]
[Site "Recco ITA"]
[Date "2010.11.26"]
[Round "1"]
[White "Di Paolo, Raffaele"]
[Black "Cavatorta, Fosco"]
[Result "1-0"]
[WhiteElo "2336"]
[BlackElo "1941"]
[PlyCount "51"]
[EventDate "2010.11.26"]

1. e4 d6 2. Nc3 e5 3. Bc4 Nf6 4. d3 Be7 5. f4 c6 6. Nf3 Bg4 7. fxe5 Bxf3 8.
Qxf3 dxe5 9. Qg3 O-O 10. O-O Qd6 11. Rf5 Nbd7 12. Bh6 Ne8 13. Be3 b5 14. Bb3 a5
15. Raf1 Bf6 16. a4 b4 17. Ne2 Kh8 18. Qf2 Qe7 19. g4 g6 20. Rf3 Kg7 21. g5
Bxg5 22. Rxf7+ Rxf7 23. Qxf7+ Qxf7 24. Rxf7+ Kh6 25. Bxg5+ Kxg5 26. Rxd7 1-0

[Event "IV Weekend A"]
[Site "Recco ITA"]
[Date "2010.11.26"]
[Round "1"]
[White "Formento, Paolo"]
[Black "Bellia, Fabrizio"]
[Result "0-1"]
[WhiteElo "1976"]
[BlackElo "2399"]
[PlyCount "70"]
[EventDate "2010.11.26"]

1. e4 e5 2. Nf3 Nc6 3. d4 exd4 4. Nxd4 Nf6 5. Nc3 Bb4 6. Nxc6 bxc6 7. Bd3 d5 8.
exd5 cxd5 9. O-O O-O 10. Bg5 c6 11. Na4 h6 12. Bh4 Re8 13. c3 Bd6 14. b4 a5 15.
a3 Ra7 16. Bg3 Bxg3 17. hxg3 Rae7 18. Nc5 Qd6 19. Qd2 Qe5 20. Qf4 Qxc3 21. Rac1
Qxa3 22. bxa5 Qxa5 23. Nb3 Qa6 24. Nd4 Bd7 25. Bf5 Re4 26. Bxe4 Rxe4 27. Rb1
Rxf4 28. Rb6 Rxd4 29. Rc1 c5 30. f3 c4 31. Rb2 Rd3 32. Kf2 c3 33. Rb8+ Kh7 34.
g4 d4 35. Kg3 Bxg4 0-1